Migrations as the cause of diachronic toponymic layers in the Polish Beskid
| Titel: | Migrations as the cause of diachronic toponymic layers in the Polish Beskid / Wojciech Włoskowicz |
|---|---|
| Verfasser: | |
| In: |
Place names and migration, Veranstaltung (2019 : Wien): Place names and migration, (2021), Seite 183-196 alle Artikel anzeigen |
| Veröffentlicht: | 2021 |
| Format: | Aufsatz |
| Sprache: | Englisch |
X
alg: 51918506 001A $03025:17-06-24 001B $03025:17-06-24 $t10:54:56.000 001D $03025:17-06-24 001U $0utf8 001X $00 002@ $0Aou 002C $aText $btxt $2rdacontent 002D $aohne Hilfsmittel zu benutzen $bn $2rdamedia 002E $aBand $bnc $2rdacarrier 003@ $0519185064 010@ $aeng 010E $erda 011@ $a2021 021A $aMigrations as the cause of diachronic toponymic layers in the Polish Beskid $hWojciech Włoskowicz 028A $BVerfasser $4aut $71212190386 $8Włoskowicz, Wojciech [Tp3] $9465782280 031A $h183-196 $j2021 039B $aEnthalten in $8--Aau--Place names and migration$gVeranstaltung$d2019$cWien [Tf1]. Place names and migration. - Hamburg : Verlag Dr. Kovač, 2021. - 283 Seiten. - Illustrationen. - ISBN 978-3-339-11844-8 $x202100000000000817 $9480751382 044K $RWestkarpaten $#Beskidy $#Beskydy $74006027-5 $8Beskiden [Tg1] $9085008125 044K $RMobilität $RRegionale Mobilität $#Emigration and immigration $#Émigration et immigration $#migration $#Migration $#Bevölkerungswanderung $#Wanderung Soziologie $#Wanderungen $#Wanderungsbewegung $74120730-0 $8Migration [Ts1] $9085386928 044K $RNamenkunde $RFlurnamenforschung $#Toponymy $#Toponymie $#Toponimia $#Toponymie $#Toponomastik $#Ortsnamenforschung $#Historische Ortsnamenforschung $#Ortsname Forschung $#Ortsname Namenkunde $74172891-9 $8Ortsnamenkunde [Ts1] $9085800619 045F $a417.709438 $eDDC23BSB 045F/01 $a417.7 045F/03 $g438 lok: 51918506 78 exp: 51918506 78 1 #EPN 201B/01 $017-06-24 $t10:54:19.000 201C/01 $017-06-24 201U/01 $0utf8 203@/01 $01265564051 208@/01 $a17-06-24 $be 209A/01 $a/ $f000 $x00 209A/01 $ab*p $x01 220C/01 $apgar 244Z/01 $#Generalgouvernement Polen $#Polska $#Rzeczpospolita Polska $#Polska Rzeczpospolita Ludowa $#Poland $#Pologne $#République Polonaise $#Generalne Gubernatorstwo w Polsce $#Polish People's Republic $#Polska Rzeczpospolita Polen $#PRL $#RP $#Polen Generalgouvernement $#Polska Generalgouvernement $#Besetzte Polnische Gebiete $#Besetztes Gebiet in Polen $#Okupowane Polskie Obszary $#Obszary Okupowane w Polsce $#Volksrepublik Polen $#Polska Rosyjska $#Republic Polen $#Respublika Pol'ša $#Pol'skaja Narodnaja Respublika $#République de Pologne $#Polen Links der Weichsel $#Polska po Lewej Stronie Wisły $#Lenkija $#Polija $#Gubernija Carstva Pol'skago $#Republik Polen $74046496-9 $8--Tg1--Polen $x01 $9085129801 247C/01 $82080>Marburg/Lahn, Herder-Institut, Forschungsbibliothek, Bibliographieportal $9336309341
| LEADER | 00000naa a2200000 c 4500 | ||
|---|---|---|---|
| 001 | 519185064 | ||
| 003 | DE-603 | ||
| 005 | 20240617105456.0 | ||
| 007 | tu | ||
| 008 | 240617s2021 xx |||| | u00||u|eng c | ||
| 035 | |a (DE-599)HEB519185064 | ||
| 040 | |a DE-603 |b ger |c DE-603 |d DE-603 |e rda | ||
| 041 | |a eng | ||
| 082 | 0 | 4 | |8 1\u |a 417.709438 |q DE-101 |2 23/BSB |
| 085 | |8 1\u |b 417.7 | ||
| 085 | |8 1\u |z 2 |s 438 | ||
| 100 | 1 | |a Włoskowicz, Wojciech |e Verfasser |4 aut |0 (DE-603)465782280 |0 (DE-588)1212190386 |2 gnd | |
| 245 | 0 | 0 | |a Migrations as the cause of diachronic toponymic layers in the Polish Beskid |c Wojciech Włoskowicz |
| 264 | 0 | |c 2021 | |
| 336 | |a Text |b txt |2 rdacontent | ||
| 337 | |a ohne Hilfsmittel zu benutzen |b n |2 rdamedia | ||
| 338 | |a Band |b nc |2 rdacarrier | ||
| 650 | 7 | |a Migration |0 (DE-588)4120730-0 |0 (DE-603)085386928 |2 gnd | |
| 650 | 7 | |a Ortsnamenkunde |0 (DE-588)4172891-9 |0 (DE-603)085800619 |2 gnd | |
| 651 | 7 | |a Beskiden |0 (DE-588)4006027-5 |0 (DE-603)085008125 |2 gnd | |
| 773 | 0 | 8 | |i Enthalten in |a Place names and migration, Veranstaltung (2019 : Wien) |t Place names and migration |d Hamburg : Verlag Dr. Kovač, 2021 |h 283 Seiten, Illustrationen |z 9783339118448 |z 3339118442 |g (2021), Seite 183-196 |w (DE-603)480751382 |
| 924 | 0 | |9 2080 |a (DE-603)1265564051 |b DE-2080 |c HES |d d |g / | |


